ख़लिशः (Record no. 49698)

MARC details
000 -LEADER
fixed length control field 01163nam a22002657a 4500
005 - DATE AND TIME OF LATEST TRANSACTION
control field 20080915150959.0
008 - FIXED-LENGTH DATA ELEMENTS--GENERAL INFORMATION
fixed length control field 080915t xxu||||| |||| 00| 0 hin d
010 ## - LCCN (DPL NO)
LC control number HIN-91460
020 ## - INTERNATIONAL STANDARD BOOK NUMBER
Terms of availability 200.00
International Standard Book Number 8180700615
035 ## - SYSTEM CONTROL NUMBER
System control number HN-63806
037 ## - SOURCE OF ACQUISITION
Source of stock number/acquisition DBAD / PUB
040 ## - CATALOGING SOURCE
Original cataloging agency DPL
Language of cataloging HN
082 ## - DEWEY DECIMAL CLASSIFICATION NUMBER
Classification number 821
100 ## - MAIN ENTRY--PERSONAL NAME
9 (RLIN) 25136
Personal name शर्मा, दीपक
245 ## - TITLE STATEMENT
Title ख़लिशः
Statement of responsibility, etc दीपक शर्मा
Remainder of title तेरी आवाज मेरे अल्फाज /
246 ## - VARYING FORM OF TITLE
Title proper/short title Khalish
Remainder of title by Deepak Sharma
260 ## - PUBLICATION, DISTRIBUTION, ETC. (IMPRINT)
Place of publication, distribution, etc दिल्ली
Name of publisher, distributor, etc सहयोग प्रकाशन
Date of publication, distribution, etc 2010
270 ## - ADDRESS
Address 29/502, ईस्ट एण्ड अपार्टेमेंट्स मयूर विहार एक्सटेंशन, फेस-1
City दिल्ली
Postal code 110096
Telephone number 22742291
300 ## - PHYSICAL DESCRIPTION
Extent 123पृ
Dimensions 22 सेमी(सजिल्द)
650 ## - SUBJECT ADDED ENTRY--TOPICAL TERM
9 (RLIN) 1169
700 ## - ADDED ENTRY--PERSONAL NAME
9 (RLIN) 25138
700 ## - ADDED ENTRY--PERSONAL NAME
9 (RLIN) 25157
942 ## - ADDED ENTRY ELEMENTS (KOHA)
Institution code [OBSOLETE] dpl
Item type Hindi Books
Source of classification or shelving scheme Dewey Decimal Classification
Call number suffix शर्मादी
Classification part 821
Holdings
Withdrawn status Lost status Source of classification or shelving scheme Damaged status Not for loan Collection code Home library Current library Date acquired Source of acquisition Cost, normal purchase price Total Checkouts Full call number Barcode Date last seen Copy number Cost, replacement price Koha item type
    Dewey Decimal Classification   Not For Loan Non-fiction D.B.Act.Division D.B.Act.Division 03/01/2011 DBAD /PUB 200.00   821 शर्मादी HN-63806 03/01/2011 1 200.00 Hindi Books

© Delhi Public Library
Hit Counter
free hit counter